Statistics for Countries With No Vowels #1

Click here to take the quiz!

General Stats

  • This quiz has been taken 21 times
  • The average score is 15 of 20

Answer Stats

HintAnswer% Correct
chdChad
100%
prtglPortugal
95%
tjkstnTajikistan
95%
btswnBotswana
90%
cndCanada
90%
mxcMexico
90%
nwzlndNew Zealand
90%
blgrBulgaria
86%
clmbColombia
81%
mnglMongolia
81%
rgntnArgentina
71%
ncrgNicaragua
71%
strlAustralia
67%
crtCroatia
67%
mnOman
67%
sdrbSaudi Arabia
67%
lbnAlbania
62%
lgrAlgeria
62%
ndnsIndonesia
52%
krnUkraine
52%

Score Distribution

Percentile by Number Answered

Percent of People with Each Score

Your Score History

You have not taken this quiz